Focus sur: Arnold - Harry Potter - Statistiques

Statistiques générales
  • Ce quiz a été pris 202 fois
  • Le résultat moyen est 4 sur 5
Statistiques - réponses
Informations recherchées Réponses % Correct
Maître Ginny Weasley
94%
Première mention Harry Potter et le Prince de Sang-Mêlé
94%
Espèce Boursouflet
86%
Lieu de rencontre avec Harry Potter Farces pour sorciers facétieux
77%
Couleur Violet
75%
Aucun quiz correspondant
Distribution des résultats
% des personnes avec chaque résultat
Percentile par nombre de réponses
Votre historique - résultats
Vous n’avez pas pris ce quiz